000 00473nam a2200157 a 4500
005 20140412111254.0
008 010328s19uu xx 00 eng d
050 _aTR(GS 372.21
_bS68 1995
245 _aSample worksheets of toddlers.
260 _a[s.l] :
_b[s.n.],
_c[n.d.]
300 _a1 v. (unp.) ; ill.
440 _aSouthville International School
650 _aWorksheets (one year and five months)
650 _a2.5 (two years and five months)
999 _c103205
_d103205